Original survey handbook on merchandise distribution in Japan

Đã lưu trong:
书目详细资料
格式: 图书
语言:Undetermined
出版: Tokyo Business International Inc 1976
主题:
标签: 添加标签
没有标签, 成为第一个标记此记录!
Thư viện lưu trữ: Trung tâm Học liệu Trường Đại học Cần Thơ
LEADER 00438nam a2200157Ia 4500
001 CTU_85990
008 210402s9999 xx 000 0 und d
082 |a 380.1 
082 |b O.68 
245 0 |a Original survey handbook on merchandise distribution in Japan 
260 |a Tokyo 
260 |b Business International Inc 
260 |c 1976 
650 |a Commerce 
904 |i Năm 
980 |a Trung tâm Học liệu Trường Đại học Cần Thơ